| 000 | 00415nam a22001697a 4500 | ||
|---|---|---|---|
| 003 | OSt | ||
| 008 | 260416b |||||||| |||| 00| 0 eng d | ||
| 082 |
_a589.2223 _bK98S |
||
| 100 | _aKumar, Vedratna | ||
| 245 | _aStudies on Paddy Straw Mushroom | ||
| 260 |
_aPusa, Samastipur _bRAU, Samastipur _c2005 |
||
| 300 | _a68P. | ||
| 502 |
_bMsc. _d2005 |
||
| 650 | _aPlant Pathology | ||
| 700 | _aMsc. | ||
| 942 |
_2ddc _cT |
||
| 999 |
_c50057 _d50057 |
||